000 01027nam a2200289 a 4500
003 BLK
005 20250611182511.0
008 180408b bul|||||r ||||||| ||bul||
020 _a9786199185537
040 _aBLK
041 _aBUL
_cBUL
080 _aПредучилищно възпитание - четене
_b373.2.016:028.1
_z373.2.016:028.1
139 _bК 91
245 1 0 _aКрокотак. Думи на срички
_bКнига, другар на Детския буквар : за деца в предучилищна възраст (5-7 г.)
257 _aBGR
260 _aСофия
_bКрокотак
_c2024
_9219355
_n978-954-92782-
300 _a200 с.
_bс цв. ил.
_c27 см
380 _aDN
650 7 _aБуквари
_9149273
653 _aчетене
653 7 _aпредучилищна възраст
_9194420
942 _cKNG
_n0
_s1
_034
944 _cНора Радева
_k30551
_lБояна Костадинова
999 _c515930
_d515930
999 _d515930
999 _d463833
999 _d463833